Decision analysis for location of new depot

Salvato in:
Dettagli Bibliografici
Autore principale: Brezina, Ivan, 1963-
Altri autori: Čičková, Zuzana, 1978-, Pekár, Juraj, 1972-
Natura: Libro
Lingua:inglese
Pubblicazione: Bratislava Katedra operačného výskumu a ekonometrie FHI EU 2008
Soggetti:
Tags: Aggiungi Tag
Nessun Tag, puoi essere il primo ad aggiungerne!!

MARC

LEADER 00000nam$a2200000$$$4500
001 0100720
005 20240502072113.0
041 0 |a eng 
044 |a SK 
245 1 0 |a Decision analysis for location of new depot  |c Ivan Brezina, Zuzana Čičková, Juraj Pekár 
264 1 |a Bratislava  |b Katedra operačného výskumu a ekonometrie FHI EU  |c 2008 
610 2 0 |a sklady 
610 2 0 |a systémy skladové 
610 2 0 |a úlohy distribučné 
610 2 0 |a výskum operačný 
610 2 0 |a metódy matematické 
100 1 |a Brezina, Ivan, 1963- 
700 1 |a Čičková, Zuzana, 1978- 
700 1 |a Pekár, Juraj, 1972-